Κατάλογος Βιβλιοθηκών Mediterranean College

INTEGRATIVE COUNSELLING SKILLS IN ACTION (Record no. 6718)

MARC details
000 -LEADER
fixed length control field 00863cam a22002294a 4500
005 - ΗΜΕΡΟΜΗΝΙΑ ΚΑΙ ΩΡΑ ΤΕΛΕΥΤΑΙΑΣ ΕΝΗΜΕΡΩΣΗΣ
Πεδίο ελέγχου 20250605164249.0
008 - FIXED-LENGTH DATA ELEMENTS--GENERAL INFORMATION
Πεδίο ελέγχου σταθερού μήκους 250528s ||||||||||||||||||||||||d
035 ## - SYSTEM CONTROL NUMBER
System control number 21657
020 ## - ISBN
ISBN 9781848601529
040 ## - ΠΗΓΗ ΚΑΤΑΛΟΓΟΓΡΑΦΗΣΗΣ
Φορέας πρωτότυπης καταλογογράφησης MC Athens Campus Library
Γλώσσα καταλογογράφησης Ελληνικά, Μοντέρνα (1453-)
Modifying agency MC Athens Campus Library
Κανόνες περιγραφικής καταλογογράφησης AACR2
245 1# - ΤΙΤΛΟΣ ΚΑΙ ΔΗΛΩΣΗ ΥΠΕΥΘΥΝΟΤΗΤΑΣ
Τίτλος INTEGRATIVE COUNSELLING SKILLS IN ACTION
250 ## - EDITION STATEMENT
Edition statement 3
260 ## - PUBLICATION, DISTRIBUTION, ETC.
Name of publisher, distributor, etc. Sage Publications,
Date of publication, distribution, etc. 2011
300 ## - PHYSICAL DESCRIPTION
Extent 213
505 0# - FORMATTED CONTENTS NOTE
Formatted contents note LEARNING COUNSELLING SKILLS OVERVIEW: INTRODUCING THE INTEGRATIVE SKILLS MODEL THE FOUNDATION SKILLS THE BEGINNING STAGE THE MIDDLE STAGE THE ENDING STAGE CASE STUDY
520 ## - SUMMARY, ETC.
Summary, etc. LEARNING COUNSELLING SKILLS OVERVIEW: INTRODUCING THE INTEGRATIVE SKILLS MODEL THE FOUNDATION SKILLS THE BEGINNING STAGE THE MIDDLE STAGE THE ENDING STAGE CASE STUDY
700 1# - ΠΡΟΣΘΕΤΗ ΑΝΑΓΡΑΦΗ--ΦΥΣΙΚΟ ΠΡΟΣΩΠΟ
Personal name Bond Tim
9 (RLIN) 6317
700 1# - ΠΡΟΣΘΕΤΗ ΑΝΑΓΡΑΦΗ--ΦΥΣΙΚΟ ΠΡΟΣΩΠΟ
Personal name Culley Sue
9 (RLIN) 7593
942 ## - ADDED ENTRY ELEMENTS (KOHA)
Koha item type Books
Holdings
Τύπος τεκμηρίου Βιβλιοθήκη Τρέχουσα τοποθεσία Barcode Αριθμός εισαγωγής Ημερομηνία απόκτησης Ταξιθετικό σύμβολο Αριθμός αντιτύπου Κατάσταση απόσυρσης Κατάσταση χαμένου Κατάσταση κατεστραμμένου Μη δανεισμός Σύνολο δανεισμών Ημερομηνία τελευταίας εμφάνισης Η τιμή ισχύει από
Books MC Thessaloniki Campus Library MC Thessaloniki Campus Library 9780000067173 1690 05/06/2025 158.3 CUL 1           05/06/2025 05/06/2025

MC Athens Campus Library
Πατησίων 94 & Κοδριγκτώνος 13, 104 34
Πελλήνης 8 & Πατησίων 107, 112 51
Τ: +30 210 8899600

MC Thessaloniki Campus Library
Ίωνος Δραγούμη 21, 54625 | Ίωνος Δραγούμη 15, 54625
Τ: +30 2310 287779 – Τ: +30 2314 440300